Active Directory w systemach wolnego oprogramowania : serwer Samba 4 jako kontroler domeny /

Shranjeno v:
Bibliografske podrobnosti
Glavni avtor: Góra, Zbigniew (informatyka) (Autor)
Korporativna značnica: Helion (Wydawca)
Format: Knjiga
Jezik:poljščina
Izdano: Gliwice : Wydawnictwo Helion, copyright 2015.
Teme:
Oznake: Označite
Brez oznak, prvi označite!

MARC

LEADER 00000nam a2200000 i 4500
001 991010997189705066
005 20260515100513.0
008 170620s2015 pl a f |001 0 pol
009 b0000005610535
015 |a UWD 2017/21370 
020 |a 9788324698158  |q (oprawa miękka) :  |c zł 44,90 
035 |a 991010997189705066 
035 |a (PL-WaBN)b56105356-48omnis_nlop 
035 |a b56105356 
035 |a (OCoLC)907368267 
035 |a (PL)b0000005610535 
035 |a (EXLNZ-48OMNIS_NETWORK)9910485108405606 
040 |a WA N  |c WA N  |d KIEL W 
046 |k 2015 
080 |a (07) 
080 |8 1.1\x  |a 004.42 
080 |8 1.2\x  |a (07) 
084 |a 03 
100 1 |a Góra, Zbigniew  |c (informatyka)  |e Autor 
245 1 0 |a Active Directory w systemach wolnego oprogramowania :  |b serwer Samba 4 jako kontroler domeny /  |c Zbigniew Góra. 
260 |a Gliwice :  |b Wydawnictwo Helion,  |c copyright 2015. 
300 |a 256 stron :  |b ilustracje ;  |c 24 cm. 
336 |a Tekst  |b txt  |2 rdacontent 
337 |a Bez urządzenia pośredniczącego  |b n  |2 rdamedia 
338 |a Wolumin  |b nc  |2 rdacarrier 
380 |a Książki 
380 |a Publikacje fachowe 
388 1 |a 2001- 
504 |a Indeks. 
630 0 0 |a Linux 
650 7 |a Active Directory  |2 DBN 
650 7 |a Linux (system operacyjny)  |2 DBN 
650 7 |a Samba (program komputerowy)  |2 DBN 
650 0 |a Directory services (Computer network technology) 
650 7 |a Administracja siecią komputerową  |2 DBN 
650 7 |a Oprogramowanie open source  |2 DBN 
655 7 |a Podręcznik  |2 DBN 
658 |a Informatyka i technologie informacyjne 
710 2 |a Helion  |e Wydawca  |4 pbl 
942 |2 ddc  |c BK  |n 0 
952 |0 0  |1 0  |2 ddc  |4 0  |6 W__15_000000000000000  |7 0  |9 13  |a WRO  |b WRO  |d 2026-04-10  |e da  |g 10.00  |i WRO-015  |l 0  |o W.15  |p 2000100000151  |r 2026-04-10 23:31:22  |v 10.00  |w 2026-04-10  |y BK 
999 |c 13  |d 13